00997cam a2200181 a 450000100100000000500170001000800410002704000250006808200150009324500840010826000370019230000210022950001880025095201130043895201190055195201280067099900170079800001455320200929163852.0990928s1999 dr r 000 0 spa d aDO-SdBNPbspacBNPHU axxxxbxxxx00aUna revolución solo puede ser hija de la cultura y las ideas /cFidel Castro. aSanto Domingo :b[s. n.],c1999. a107 p. ;c24 cm. aDiscurso pronunciado por el presidente del Consejo de Estado de la República de Cuba Fidel Castro Ruz, en el Aula Magna de la Universidad Central de Venezuela, 3 de febrero de 1999. 0010718PDaGRbGRcHDd2010-01-14iLF1l0oxxxx xxxxp14553-10r2020-06-25w2020-06-25yLFPDZNo se presta 0011718PDaGRbGRcMId2010-02-17iLF1l0oxxxx xxxxp14553-20r2020-06-25te. 2w2020-06-25yLFPDZNo se presta 001154708DSaGRbGRcMId2010-02-17iLF1l0oxxxx xxxxp14553-30r2020-06-25te. 3w2020-06-25yLFDSZPréstamo en sala c14140d14140